[Event "27th CRO-chT 1B-Men 2018"]
[Site "Biograd"]
[Date "2018.09.21"]
[Round "5.6"]
[White "Horvat, David"]
[Black "Grgurevic, Boris"]
[Result "1/2-1/2"]
[WhiteElo "2212"]
[BlackElo "2145"]
[Annotator "TA"]
[PlyCount "25"]
[EventDate "2018.09.15"]
[EventType "team-tourn"]
[EventCountry "CRO"]
[SourceTitle "playchess.com"]
[Source "ChessBase"]
[SourceQuality "1"]

{[%evp 12,25,48,16,25,18,43,45,34,36,53,52,61,15,54,58]} 1. e4 g6 2. d4 Bg7 3. Nc3 d6 4. Be3 Nf6 5. h3 c6 6. Nf3 O-O 7. Bd3 {LiveBook: 115 Games} Re8 {B08: Pirc Defence: Classical System} 8. O-O e5 9. dxe5 dxe5 10. a4 {[%cal Ba2a4,Ba4a5][%mdl 32]} Qc7 11. a5 Nbd7 12. Na4 $146 ({Predecessor:} 12. Qd2 Nf8 13. Rfe1 Ne6 14. Na4 Nh5 15. Bf1 Rd8 {1-0 (67) Indjic,A (2539)-Ivanisevic,I (2613) Belgrade 2014}) 12... Nf8 13. Nc5 1/2-1/2

[Event "27th CRO-chT 1B-Men 2018"]
[Site "Biograd"]
[Date "2018.09.21"]
[Round "5.7"]
[White "Brkic, Ante"]
[Black "Sprenger, Jan Michael"]
[Result "1/2-1/2"]
[WhiteElo "2565"]
[BlackElo "2490"]
[Annotator "TA"]
[PlyCount "96"]
[EventDate "2018.09.15"]
[EventType "team-tourn"]
[EventCountry "CRO"]
[SourceTitle "playchess.com"]
[Source "ChessBase"]
[SourceQuality "1"]

{[%evp 26,96,42,42,34,28,38,8,12,8,49,55,58,54,60,62,78,42,40,0,0,0,35,35,35,35,35,35,35,35,39,39,43,39,43,35,43,42,42,35,35,35,35,34,34,34,34,34,38,34,79,80,73,0,101,95,64,34,58,43,33,0,0,-10,0,0,0,0,0,0,0,3,90]} 1. e4 c5 2. Nf3 d6 3. d4 cxd4 4. Nxd4 Nf6 5. Nc3 Nc6 6. Bg5 e6 7. Qd2 Qb6 8. Bxf6 gxf6 9. Nb3 a6 10. O-O-O Bd7 11. f4 O-O-O {B60: Sizilianisch (Richter/Rauser-Angriff)} 12. Be2 h5 13. Rhf1 Kb8 14. Kb1 {LiveBook: 73 Partien} (14. Rf3 Be7 15. Kb1 h4 16. a3 Rc8 17. Qe1 {1-0 (43) Sjugirov,S (2673)-Alekseenko,K (2588) Moscow 2017}) 14... Ne7 15. f5 $146 ({Vorgänger:} 15. Nd4 Nc6 16. Nxc6+ Bxc6 {½-½ (28) Hansen,L (2196)-Janisch,M (2317) ICCF email 2015}) 15... Nc6 {[%cal Be7c6,Bc6e5,Be5g4][%mdl 32]} 16. fxe6 fxe6 17. Rxf6 Ne5 18. Nd4 Bg7 19. Rxe6 Bxe6 20. Nxe6 Rd7 $1 21. Nd5 (21. Na4 $5 {[%cal Ra4b6]} Qc6 22. Qb4 $16) 21... Qf2 22. Nd4 {Droht stark Db4.} Ng4 23. Nf5 Be5 24. h3 Nf6 {Droht ...Sxd5 und aus.} 25. Bf3 Qxd2 26. Rxd2 Nxd5 27. Rxd5 h4 28. a4 Rdd8 29. c3 Kc7 30. Kc2 Bf6 31. Ne3 Be5 32. Rd3 Rdf8 33. Nd5+ Kb8 34. a5 Rh7 35. b4 Rg7 36. Kb3 Rff7 37. c4 Kc8 38. c5 dxc5 {[#]} 39. bxc5 ({Günstiger ist} 39. Nb6+ $1 $16 Kc7 40. Rd5) 39... Rg3 {[#]} (39... Rf8 $11) 40. Kc4 $1 $16 Rfg7 41. Nb6+ Kc7 42. Rd5 R3g5 $1 43. Na8+ Kb8 {Die Stellung ist ausgeglichen.} 44. Rd8+ Ka7 45. Nb6 {[%csl Gb6][%cal Rd8a8]} Rg8 46. Rd7 R8g7 47. Rd8 {[%csl Gb6][%cal Rd8a8]} Rg8 48. Rd5 Bg3 {Precision: Weiß = 80%, Schwarz = 68%.} (48... Bc7 $11) 1/2-1/2

[Event "27th CRO-chT 1B-Men 2018"]
[Site "Biograd"]
[Date "2018.09.19"]
[Round "5.8"]
[White "Seyb, Alexander"]
[Black "Kadric, Denis"]
[Result "*"]
[WhiteElo "2388"]
[BlackElo "2543"]
[Annotator "TA"]
[PlyCount "40"]
[EventDate "2018.09.15"]
[EventType "team-tourn"]
[EventCountry "CRO"]
[SourceTitle "playchess.com"]
[Source "ChessBase"]
[SourceQuality "1"]

{[%evp 13,40,28,35,19,27,31,37,33,39,24,41,33,41,21,28,20,31,17,46,48,54,47,47,47,52,45,44,22,51]} 1. e4 Nc6 2. Nf3 d6 3. d4 Nf6 4. Nc3 g6 5. Bb5 (5. h3 Bg7 6. Be3 O-O 7. Qd2 a6 8. Bd3 e5 9. d5 Ne7 10. g4 c6 11. dxc6 bxc6 12. O-O-O d5 13. Nxe5 Nxe4 14. Bxe4 Bxe5 15. Bg2 {0-1 (27) Movsesian,S (2647)-Carlsen,M (2837) Riadh 2017}) 5... a6 6. Bxc6+ {B00: Queen's Fianchetto Defence, Nimzowitsch Defence} bxc6 7. O-O Bg7 {LiveBook: 16 Games} 8. Re1 $146 {White is slightly better.} ({Predecessor:} 8. h3 Nd7 9. Bg5 h6 10. Be3 O-O 11. Re1 Rb8 12. Rb1 Kh7 {0-1 (33) Ngo,D (1926)-Tran,T (2319) Bac Giang 2018}) 8... O-O 9. Bg5 h6 10. Be3 Rb8 11. Rb1 Nd7 12. Qd2 Kh7 13. h3 e6 14. b3 Bb7 15. Rbd1 Qe7 16. Na4 e5 17. c4 exd4 18. Bxd4 Bxd4 19. Qxd4 c5 20. Qd3 Rbe8 {Precision: White = 53%, Black = 51%.} *

[Event "27th CRO-chT 1B-Men 2018"]
[Site "Biograd"]
[Date "2018.09.19"]
[Round "5.9"]
[White "Maier, Christian"]
[Black "Rade, Miroslav"]
[Result "1/2-1/2"]
[WhiteElo "2357"]
[BlackElo "2395"]
[Annotator "TA"]
[PlyCount "91"]
[EventDate "2018.09.15"]
[EventType "team-tourn"]
[EventCountry "CRO"]
[SourceTitle "playchess.com"]
[Source "ChessBase"]
[SourceQuality "1"]

{[%evp 22,91,5,0,9,0,16,0,2,10,39,29,22,-19,-16,-19,0,-10,0,-20,-18,-18,-21,-18,-18,-18,-18,-18,-20,-21,-10,-41,-22,-29,-6,-27,-20,-31,-25,-25,-25,-27,-23,-8,-8,-10,-13,-32,-32,-54,-50,-67,-65,-25,-1,-1,0,-7,0,-27,0,0,0,0,0,0,0,0,0,0,0,0]} 1. e4 e5 2. Nf3 Nc6 3. Nc3 Nf6 4. d4 exd4 5. Nxd4 Bb4 6. Nxc6 bxc6 7. Bd3 O-O 8. O-O d5 9. exd5 cxd5 10. h3 {C47: Scotch Four Knights and Four Knights with 4 g3} Rb8 (10... c6 11. Qf3 Bd6 12. Bf4 Be6 13. Rfe1 Bxf4 14. Qxf4 Qb8 15. Qxb8 Raxb8 16. Na4 Nd7 17. b3 c5 {½-½ (35) Nakamura,H (2777)-So,W (2780) Saint Louis 2018}) 11. Qf3 Be6 12. Ne2 {LiveBook: 3 Games} Re8 $146 ({Predecessor:} 12... c5 13. c3 Ba5 14. Ng3 Bc7 15. Nf5 Bxf5 16. Bxf5 Qd6 17. g3 Rfe8 18. Rd1 h6 19. Bc2 Qe6 20. Bf5 Qa6 21. b3 Be5 22. Bf4 Qa5 23. Bd2 {0-1 (23) Mozharov,M (2557)-Senador,E (2354) Quezon City 2014}) 13. Bf4 Bd6 14. b3 c5 {Black wants to play ...c4.} 15. Rad1 Bxf4 16. Nxf4 Qa5 17. c4 {[%cal Rc4d5]} d4 18. Bb1 Bc8 19. Qd3 {[#] Hoping for Nd5.} g6 20. Qd2 Qb6 21. Rfe1 Bd7 22. Rxe8+ $1 Rxe8 23. Re1 Rxe1+ 24. Qxe1 Qd6 25. Qd2 Bc6 26. Ne2 Qe5 27. f3 Bd7 28. Bd3 Kg7 29. Kf2 h6 30. Qf4 Qxf4 31. Nxf4 $11 {[%mdl 4096] Endgame KBN-KBN} g5 32. Ne2 $1 a5 33. g4 Kf8 34. a4 Ke7 35. Nc1 Kd6 36. Be4 h5 37. Ba8 hxg4 38. hxg4 Ng8 39. Be4 Nh6 40. Nd3 f6 41. Kg3 {The position is equal.} Be6 42. Nf2 Ke5 43. Nd3+ Kd6 44. Nf2 Ke5 45. Nd3+ Kd6 46. Nf2 {Precision: White = 49%, Black = 65%.} 1/2-1/2

[Event "27th CRO-chT 1B-Men 2018"]
[Site "Biograd"]
[Date "2018.09.19"]
[Round "5.10"]
[White "Muha, Miljenko"]
[Black "Stocko, Josip"]
[Result "1-0"]
[WhiteElo "2364"]
[BlackElo "2322"]
[Annotator "TA"]
[PlyCount "137"]
[EventDate "2018.09.15"]
[EventType "team-tourn"]
[EventCountry "CRO"]
[SourceTitle "playchess.com"]
[Source "ChessBase"]
[SourceQuality "1"]

{[%evp 15,137,12,44,15,47,22,30,13,19,0,20,21,20,13,25,-8,12,-33,-5,-75,-30,-28,-25,-49,-41,-30,-35,-40,-40,-45,-34,-22,-21,-57,-66,-58,-54,-67,0,0,0,0,0,0,0,0,0,0,0,0,0,0,0,-8,-8,-7,0,0,80,74,74,81,86,95,95,100,89,91,130,131,136,114,135,13,669,661,596,572,804,691,1152,1246,940,856,1764,1764,1732,1570,1563,1279,1271,1196,2168,2168,1803,1781,1648,974,29973,29974,29974,29975,29975,4811,29976,29977,29974,29972,4129,4129,29979,29980,29971,29965,29964,29965,29977,29972,29961,5714,29986,29983,29986,29987]} 1. d4 Nf6 2. Nf3 e6 3. c4 Bb4+ 4. Nbd2 O-O 5. g3 b6 6. Bg2 Bb7 7. O-O Re8 8. a3 {E16: Damenindisch (Hauptfortsetzung mit Lb4)} (8. b3 a5 9. a3 Bxd2 10. Qxd2 d6 11. a4 Nbd7 12. Bb2 e5 13. d5 Nc5 14. Qc2 Bc8 15. Nd2 Bg4 {0-1 (66) Vitiugov,N (2724)-Najer,E (2707) Tbilisi 2017}) 8... Bf8 {LiveBook: 9 Partien} 9. b4 (9. e4 $5) 9... d6 10. Bb2 {Weiß steht etwas besser.} Nbd7 11. Qc2 c5 12. e4 cxd4 13. Nxd4 Rc8 14. Qb3 a6 15. Rae1 $146 ({Vorgänger:} 15. Rac1 d5 16. cxd5 exd5 17. exd5 {1-0 (38) Cantarino Neto,M (2108)-Rodrigues,F (1915) Vitoria 2009}) 15... g6 16. Ne2 Bg7 17. f4 (17. Rc1 $11) 17... Qc7 18. h3 b5 19. Rc1 bxc4 20. Rxc4 Qb8 21. Rxc8 Rxc8 22. Bd4 Qa8 {[%cal Rf6e4]} 23. Qd3 a5 24. Rc1 Rxc1+ 25. Nxc1 axb4 26. axb4 d5 (26... e5 $15 27. fxe5 Nxe5) 27. e5 $11 Ne4 28. Nxe4 dxe4 29. Qb5 Bc6 30. Qa5 Qb7 31. Bf1 Bf8 32. b5 Bd5 33. Qd8 Kg7 34. b6 Qc6 35. Qc7 $1 Bc5 36. Bxc5 Qxc5+ (36... Nxc5 $11 {hält das Gleichgewicht.} 37. Kf2 Nd7) 37. Qxc5 $16 Nxc5 $11 {[%mdl 4096] Endspiel [#] KLS-KLS} 38. Bb5 $1 Kf8 39. Ne2 Ke7 40. Nc3 Bb7 41. Kf2 f5 42. exf6+ Kxf6 43. Ke3 e5 {[#]} 44. Bc4 ({Günstiger ist} 44. Na4 $1 $16 {[%cal Ra4c5]} Nxa4 45. Bxa4) 44... g5 $2 {[%mdl 8192]} (44... Nd7 $11) 45. fxg5+ $18 Kxg5 46. Bd5 Nd7 47. Nxe4+ Kg6 48. Bxb7 Nxb6 49. Nd2 Nd7 50. Be4+ Kg7 51. Bf5 Nf6 52. Nc4 Nh5 53. Kf2 h6 54. Bg4 Nf6 55. Nxe5 Ne4+ 56. Kf3 Ng5+ 57. Kf4 Nh7 58. Kf5 Nf6 59. Bf3 Ne8 60. Ke6 Nc7+ 61. Ke7 Nb5 62. Nc6 Kg6 63. Be4+ Kg7 64. Nd8 Nc3 65. Ne6+ Kh8 66. Bf3 Kh7 67. Kf7 h5 68. h4 Kh6 69. Ng7 {Precision: Weiß = 52%, Schwarz = 45%.} 1-0

[Event "27th CRO-chT 1B-Men 2018"]
[Site "Biograd"]
[Date "2018.09.21"]
[Round "5.11"]
[White "Pucovski, Miroslav"]
[Black "Krnic, Ivan"]
[Result "1-0"]
[WhiteElo "2241"]
[BlackElo "2116"]
[Annotator "TA"]
[PlyCount "129"]
[EventDate "2018.09.15"]
[EventType "team-tourn"]
[EventCountry "CRO"]
[SourceTitle "playchess.com"]
[Source "ChessBase"]
[SourceQuality "1"]

{[%evp 17,129,27,57,50,51,50,66,70,77,60,77,37,64,30,46,33,37,37,41,35,47,37,54,55,53,64,71,78,71,72,101,109,162,148,202,145,152,150,334,1,136,0,112,97,111,84,85,10,12,12,27,0,110,103,152,141,143,135,162,158,161,159,157,145,142,0,119,136,158,156,177,176,186,175,210,216,203,153,160,156,227,197,272,247,275,8,76,76,76,76,76,0,0,0,14,14,14,14,72,70,125,141,12847,12846,4631,660,5691,1137,5489,5043,4714,2125,5060,5060]} 1. e4 g6 2. d4 Bg7 3. c3 d5 4. exd5 Nf6 5. Nf3 Nxd5 6. Be2 O-O 7. O-O Nd7 {B01: Skandinavische Verteidigung} (7... Bg4 8. h3 Bxf3 9. Bxf3 c6 10. Qb3 Qd7 11. Na3 e6 12. Nc4 Qc7 13. Bg5 b5 14. Ne3 Nd7 15. Nxd5 exd5 {1-0 (79) Leko,P (2749)-Morozevich,A (2741) Monte Carlo 2005}) 8. Bc4 $146 ({Vorgänger:} 8. Re1 c5 9. Na3 a6 10. Bg5 h6 11. Bh4 cxd4 12. Nxd4 N7f6 13. Bf3 g5 14. Bg3 e6 15. Nc4 {1-0 (33) Sutovsky,E (2624)-Olafsson,H (2521) Reykjavik 2006}) 8... N7f6 9. Re1 c6 {LiveBook: 4 Partien. Weiß hat minimalen Vorteil.} 10. Nbd2 Re8 11. Bb3 e6 12. Ne5 Nd7 13. Ndf3 Nxe5 14. dxe5 Qc7 15. Qe2 b6 16. Qe4 Bb7 17. Qh4 c5 18. Ba4 Rf8 19. Bg5 c4 20. Rad1 a6 21. Bh6 {Und weiter mit Sg5 wäre nett.} Bxh6 22. Qxh6 f6 23. exf6 Rxf6 24. Ng5 Qe7 (24... b5 $16) 25. Rd4 Raf8 (25... b5 $16) 26. f3 b5 27. Bc2 Nf4 $2 {[#]} (27... Rd8 $16 28. h4 Bc8) 28. Be4 $2 ({Weiss braucht} 28. Rxf4 $1 $18 {[%mdl 512]} Rxf4 29. Bxg6 $1 {[%mdl 512]}) 28... Bc8 (28... Bxe4 $11 29. Rdxe4 (29. Nxe4 Rf5 $11) 29... Qa7+ 30. Kh1 Nd3) 29. Bc2 (29. g3 $16 Nd3 30. Bxd3 cxd3 31. Rxd3) 29... Qg7 (29... Bb7 $1 $11) 30. Qxg7+ $1 $16 Kxg7 31. Ne4 e5 32. Rd6 ({Lieber} 32. Rd2 $16 R6f7 33. Nd6) 32... Rxd6 $11 33. Nxd6 Rd8 34. Nxc8 (34. Rd1 {is interesting.} Be6 35. g3 Nh3+ 36. Kf1 Ng5 37. Ke2) 34... Rxc8 {[%mdl 4096] Endspiel KTL-KTS} (34... Rd2 $11 35. Be4 Rxg2+ 36. Kf1 Rxb2) 35. g3 $1 $16 {[%cal Rg3f4]} ({Und nicht} 35. Rxe5 Rd8 $15) 35... Ne6 36. Rxe5 Kf6 37. Rd5 Rc6 38. Kf2 Nc5 39. Be4 Rc7 40. Rd6+ Ke5 41. Rd5+ (41. Rd4 $1 $16) 41... Ke6 (41... Kf6 $1 $11) 42. Rd2 Ke5 43. Bc2 Rf7 44. h4 Rc7 45. Ke3 a5 46. f4+ Ke6 {[#]} 47. h5 $1 {[%mdl 512]} gxh5 48. Rh2 Rg7 (48... Kd6 $16 49. Rxh5 Re7+ 50. Kd2 Rg7) 49. Rxh5 $18 Nd3 (49... Kd6 {ist eine bessere Verteidigung.} 50. Kf2 (50. Bxh7 Rxg3+ 51. Kf2 Rg7 $16) 50... b4 51. cxb4 (51. Bxh7 bxc3 52. bxc3 Na4 $18) 51... axb4 52. Rxh7 Rg8 53. Rh6+ Kd5) 50. Rh3 Nxb2 51. Bxh7 $2 (51. Rh6+ $18 Ke7 52. Rxh7 Rxh7 53. Bxh7) 51... Nd1+ (51... Na4 $1 $11 {bleibt in der Remisbreite.}) 52. Kd4 $1 $16 Rd7+ 53. Kc5 {Schwarz muss nun g4 beachten.} Nxc3 54. Rh6+ (54. Bg8+ $16 Ke7 55. g4 Nxa2 56. Kxb5) 54... Ke7 $11 55. Rh2 Kf6 56. g4 {[%cal Bg3g4,Bg4g5][%mdl 32]} Rd5+ 57. Kc6 {Tc2 ist eine echte Drohung.} Rd4 (57... Ke7 $1 $11) 58. g5+ $16 Kg7 {[#]} (58... Kf7 $14) 59. f5 $1 {[%cal Bf4f5,Bf5f6][%mdl 32]} b4 $2 {[%mdl 8192] [#]} (59... Rg4 $16) 60. f6+ $1 $18 {Weiß steht klar auf Gewinn.} Kf7 61. Rf2 (61. Bf5 $142 Rf4 62. Rh7+ Kg8 63. Bg6) 61... Ke6 62. Bg8+ Ke5 63. f7 Rd6+ 64. Kb7 Rd7+ 65. Ka6 {Precision: Weiß = 63%, Schwarz = 31%.} 1-0

[Event "27th CRO-chT 1B-Men 2018"]
[Site "Biograd"]
[Date "2018.09.21"]
[Round "5.12"]
[White "Curic, Drazen"]
[Black "Bubalovic, Davorin"]
[Result "0-1"]
[WhiteElo "2133"]
[BlackElo "2206"]
[Annotator "TA"]
[PlyCount "90"]
[EventDate "2018.09.15"]
[EventType "team-tourn"]
[EventCountry "CRO"]
[SourceTitle "playchess.com"]
[Source "ChessBase"]
[SourceQuality "1"]

{[%evp 22,90,35,21,2,0,-1,-74,-87,-94,0,0,20,-74,-75,-78,-76,-161,-136,-192,-189,-202,-199,-189,-216,-238,-224,-295,-241,-228,-205,-298,-286,-350,-309,-356,-348,-328,-255,-350,-359,-406,-370,-482,-475,-725,-668,-646,-430,-418,-413,-604,-468,-433,-363,-337,-253,-495,-493,-489,-374,-663,-656,-684,-682,-676,-670,-669,-668,-652,-536]} 1. e4 c5 2. Nf3 e6 3. c3 Nf6 4. e5 Nd5 5. d4 cxd4 6. cxd4 d6 7. Nc3 Nxc3 8. bxc3 Be7 9. Bd3 Nc6 {[%cal Bb8c6,Bc6a5,Ba5b3][%mdl 32]} 10. O-O dxe5 11. dxe5 Qc7 {B22: Sicilian: 2 c3} 12. Qe2 {LiveBook: 4 Games} (12. Re1 b6 13. Qa4 Bb7 14. Nd4 O-O 15. Nb5 Qb8 16. Bf4 a6 17. Nd6 Bxd6 18. exd6 e5 19. Rxe5 Nxe5 20. Bxe5 {1-0 (53) Pourramezanali,A (2543)-Hejazipour,M (2327) Cap d'Agde 2017}) 12... b6 13. a4 Bb7 {The position is equal.} 14. a5 $146 (14. Re1 $11 {keeps the balance.}) ({Predecessor:} 14. Bf4) 14... Nxa5 $17 15. Ra4 Bc6 (15... Bxf3 $17 16. Qxf3 O-O) 16. Rg4 $11 g6 17. Ng5 (17. Nd4 $11) 17... Nb3 $17 18. Bf4 Nc5 19. Bc4 (19. Bc2 $17) 19... Rd8 20. h4 (20. Bc1 $17) 20... h6 $19 {[%cal Bh7h6,Bh6h5][%mdl 32]} 21. Nf3 h5 22. Rg3 Ne4 23. Nd4 Nxg3 24. Bxg3 Rxd4 25. cxd4 Qd7 26. Qe3 (26. d5 $142 exd5 27. Ba6) 26... O-O 27. Rd1 Bd5 28. Bxd5 Qxd5 29. Rc1 Qd7 30. f4 Rc8 31. Rd1 b5 32. Kh2 Qd5 33. Ra1 (33. f5 $142 exf5 34. Qf3 Qxf3 35. gxf3) 33... Rc2 {[%csl Gc2][%cal Rd5g2] [#]} 34. Bf2 Rc7 35. f5 exf5 36. Ra6 (36. Qf3 $142 Qxf3 37. gxf3) 36... Qb7 37. Ra1 Qc6 38. Qb3 {and the idea d5 leaves White hopeful.} Rd7 39. Qe3 $2 {[#]} (39. Rd1 {might work better.}) 39... b4 {[%cal Bb5b4,Bb4b3,Bb3c2][%mdl 32]} 40. Rc1 Qe4 41. Qh6 $2 (41. Rc8+ Kg7 42. Qxe4 fxe4 43. Rb8) 41... b3 {Black is clearly winning.} 42. Re1 Bf8 (42... Qxe1 $2 43. Bxe1 b2 44. e6 $19) 43. Qc1 Qc2 44. Qxc2 bxc2 45. Be3 Ba3 {Precision: White = 28%, Black = 73%.} 0-1

[Event "27th CRO-chT 1B-Men 2018"]
[Site "Biograd"]
[Date "2018.09.19"]
[Round "5.13"]
[White "Saric, Ante"]
[Black "Livaic, Leon"]
[Result "1/2-1/2"]
[WhiteElo "2535"]
[BlackElo "2483"]
[Annotator "TA"]
[PlyCount "42"]
[EventDate "2018.09.15"]
[EventType "team-tourn"]
[EventCountry "CRO"]
[SourceTitle "playchess.com"]
[Source "ChessBase"]
[SourceQuality "1"]

{[%evp 20,21,31,18]} 1. c4 e6 2. Nc3 d5 3. d4 Nf6 4. Nf3 Nbd7 5. cxd5 exd5 6. Bg5 c6 7. e3 Be7 8. Bd3 Nh5 9. Bxe7 Qxe7 10. O-O O-O 11. Qc2 {LiveBook: 23 Games. D35: Queen's Gambit Declined: Exchange Variation} {Predecessor:} g6 $146 12. Rab1 a5 13. a3 Nb6 14. b4 axb4 15. Rxb4 Nd7 16. Ra4 Rxa4 17. Qxa4 Nhf6 18. Qb4 Qxb4 19. axb4 Nb6 20. b5 Be6 21. bxc6 bxc6 {½-½ (83) Werle,J (2534)-Banusz,T (2600) Germany 2016} 1/2-1/2

[Event "27th CRO-chT 1B-Men 2018"]
[Site "Biograd"]
[Date "2018.09.19"]
[Round "5.14"]
[White "Plat, Vojtech"]
[Black "Galyas, Miklos"]
[Result "1/2-1/2"]
[WhiteElo "2540"]
[BlackElo "2512"]
[Annotator "TA"]
[PlyCount "16"]
[EventDate "2018.09.15"]
[EventType "team-tourn"]
[EventCountry "CRO"]
[SourceTitle "playchess.com"]
[Source "ChessBase"]
[SourceQuality "1"]

{[%evp 9,16,-98,-85,-84,-56,-72,-49,-105,-94]} 1. f3 Nf6 (1... e5 2. Nh3 d5 3. Nf2 Nf6 4. g3 Bc5 5. Bg2 Bxf2+ 6. Kxf2 Nc6 7. d3 Be6 8. e4 Qe7 9. Re1 O-O-O {0-1 (86) Carlsen,M (2834)-Lalith,B (2542) chess.com INT 2018}) 2. Kf2 e6 $146 ({Predecessor:} 2... g6 3. e4 d6 4. d4 Bg7 5. Be3 Nbd7 6. Ne2 e5 7. Kg1 O-O 8. Ng3 exd4 9. Bxd4 {1-0 (60) Napoli,N (2172)-Bonagura,S (1784) Porto San Giorgio 2004}) 3. e3 b6 4. g3 Bb7 5. Bg2 g6 6. Ne2 {A00: Irregular Openings} Bg7 7. d4 O-O 8. h4 (8. e4 $15) 8... c5 1/2-1/2

[Event "27th CRO-chT 1B-Men 2018"]
[Site "Biograd"]
[Date "2018.09.19"]
[Round "5.15"]
[White "Saric, Ibro"]
[Black "Zilka, Stepan"]
[Result "1/2-1/2"]
[WhiteElo "2546"]
[BlackElo "2521"]
[Annotator "TA"]
[PlyCount "38"]
[EventDate "2018.09.15"]
[EventType "team-tourn"]
[EventCountry "CRO"]
[SourceTitle "playchess.com"]
[Source "ChessBase"]
[SourceQuality "1"]

{[%evp 13,14,33,23]} 1. d4 Nf6 2. Nf3 d6 3. g3 Nbd7 4. c4 g6 5. Bg2 Bg7 6. O-O O-O 7. Nc3 c6 {Predecessor:} 8. e4 $146 e5 9. h3 Qa5 10. Be3 exd4 11. Nxd4 Nb6 12. Nb3 Qa6 13. c5 Nc4 14. Bd4 dxc5 15. Nxc5 Qa5 16. Qe2 Nb6 17. a3 Nbd7 18. b4 Qc7 19. Rfd1 Re8 {1-0 (51) Cheparinov,I (2710)-Mchedlishvili,M (2603) Riadh 2017} 1/2-1/2

[Event "27th CRO-chT 1B-Men 2018"]
[Site "Biograd"]
[Date "2018.09.19"]
[Round "5.19"]
[White "Medvegy, Zoltan"]
[Black "Ruck, Robert"]
[Result "1/2-1/2"]
[WhiteElo "2543"]
[BlackElo "2505"]
[Annotator "TA"]
[PlyCount "49"]
[EventDate "2018.09.15"]
[EventType "team-tourn"]
[EventCountry "CRO"]
[SourceTitle "playchess.com"]
[Source "ChessBase"]
[SourceQuality "1"]

{[%evp 23,49,20,22,24,22,17,22,10,31,9,9,9,12,0,9,0,12,20,18,13,15,18,20,9,10,0,16,0]} 1. Nf3 d5 2. g3 c6 3. Bg2 Bg4 4. O-O Nd7 5. d4 Ngf6 6. Nbd2 e6 7. c3 Be7 8. Re1 O-O 9. e4 dxe4 10. Nxe4 Nxe4 11. Rxe4 Bxf3 {D02: 1 d4 d5 2 Nf3 sidelines, including 2...Nf6 3 g3 and 2...Nf6 3 Bf4} (11... Bf5) 12. Qxf3 Bg5 {LiveBook: 7 Games} 13. Bxg5 Qxg5 {White has an edge.} 14. h4 $146 ({Predecessor:} 14. Qe2) 14... Qb5 15. Qe2 Qb6 16. Bf3 Nf6 {The position is equal.} 17. Re5 Nd7 18. Re4 Nf6 19. Re5 Nd7 20. Re3 Rad8 21. Kg2 Nf6 22. Re1 Rd6 23. Re5 Nd7 24. Re3 Nf6 25. Re5 {Precision: White = 32%, Black = 89%.} 1/2-1/2

[Event "27th CRO-chT 1B-Men 2018"]
[Site "Biograd"]
[Date "2018.09.21"]
[Round "5.20"]
[White "Horvath, Adam"]
[Black "Rezan, Sasa"]
[Result "1-0"]
[WhiteElo "2482"]
[BlackElo "2436"]
[Annotator "TA"]
[PlyCount "65"]
[EventDate "2018.09.15"]
[EventType "team-tourn"]
[EventCountry "CRO"]
[SourceTitle "playchess.com"]
[Source "ChessBase"]
[SourceQuality "1"]

{[%evp 22,65,22,24,52,37,35,41,48,23,53,37,81,70,66,26,16,0,62,56,160,159,382,367,505,238,256,121,121,124,120,125,135,141,498,90,1205,1205,29986,29987,29987,29988,29989,29990,29990,29991]} 1. e4 c5 2. Nf3 d6 3. d4 cxd4 4. Nxd4 Nf6 5. Nc3 a6 6. h3 e6 7. g4 Nfd7 {B81: Sicilian Scheveningen: Keres Attack} (7... h6 8. Bg2 g5 9. Be3 Nbd7 10. Qe2 Ne5 11. O-O-O Nfd7 12. h4 Rg8 13. hxg5 hxg5 14. Kb1 b5 15. f4 gxf4 16. Bxf4 Bb7 {½-½ (56) Karjakin,S (2773)-Mamedyarov,S (2801) Saint Louis 2018}) 8. Bg2 Be7 9. Be3 Nc6 10. h4 O-O 11. g5 Nde5 12. Qe2 {LiveBook: 10 Games} b5 13. Nxc6 Nxc6 14. f4 Bd7 $146 15. Qf2 Rb8 16. O-O-O Qa5 {Strongly threatening ...b4.} 17. Kb1 Rfc8 18. Rh3 Nb4 19. Bd2 {[#] Black should prevent a3.} Qc7 ({Black should play} 19... Rxc3 $1 $11 {[%mdl 512]} 20. Bxc3 (20. bxc3 Qxa2+) 20... Qxa2+ 21. Kc1 Nc6) 20. f5 Bf8 {[#]} (20... exf5 $14 21. exf5 Qc5) 21. g6 $1 $16 {[%cal Rg6f7][%mdl 512] Threatens to win with gxf7+.} Be8 $2 (21... exf5 $16 22. gxf7+ (22. exf5 fxg6 23. fxg6 Bxh3 $16) 22... Kh8) (21... fxg6 22. fxg6) 22. h5 Nxc2 23. gxh7+ ({Not} 23. Kxc2 b4 $16) (23. fxe6 $142 f6 24. gxh7+ Kxh7 25. h6) 23... Kh8 $18 {intending ...b4.} 24. Kxc2 (24. Rc1 $18) 24... b4 $16 {next ...Qa5 is good for Black.} 25. Kb1 {Hoping for h6.} bxc3 26. Bxc3 e5 27. h6 $36 {[%mdl 2048] And now hxg7+ would win. Black is under strong pressure.} gxh6 $2 {[%mdl 8192]} (27... f6 $16 {is more resistant.}) 28. Rg3 $2 (28. f6 $18 {and the rest is easy.} Bd7 {[#]} 29. Qg3 $1 {[%mdl 512]} Kxh7 30. Rg1 $1 {[%mdl 512]} Qxc3 31. Qxc3 Rxc3 32. Rxc3) 28... Kxh7 $2 {[%mdl 8192]} (28... f6 $16) 29. f6 $18 {White wants to mate with Qf5+.} Bd7 30. Bh3 {White mates.} Bxh3 31. Rxh3 Qd7 32. Qg2 Rxc3 33. Rxc3 {Precision: White = 51%, Black = 24%.} 1-0